Pintura argentina contemporánea: pinacoteca del Ministerio de Cultura y Educación de la Nación
Αποθηκεύτηκε σε:
| Κύριος συγγραφέας: | |
|---|---|
| Μορφή: | Βιβλίο |
| Γλώσσα: | Ισπανικά |
| Έκδοση: |
Buenos Aires
Arte Gaglianone
1998
|
| Θέματα: | |
| Ετικέτες: |
Προσθήκη ετικέτας
Δεν υπάρχουν, Καταχωρήστε ετικέτα πρώτοι!
|
MARC
| LEADER | 00000nam a2200000 a 4500 | ||
|---|---|---|---|
| 001 | UCL3542 | ||
| 003 | CL-VaPUC | ||
| 008 | 031128e19980000AG |||||||||||||||||spa|d | ||
| 020 | |a 9500001640 | ||
| 082 | 0 | 4 | |a 759.06 |b BAB |2 21 |
| 100 | 0 | |a Babino, María Elena |e author |9 480853 | |
| 245 | 1 | 0 | |a Pintura argentina contemporánea: pinacoteca del Ministerio de Cultura y Educación de la Nación |
| 300 | |a 30 p | ||
| 942 | |c BK | ||
| 945 | |d 20031128 00:00:00 |a cmena | ||
| 260 | |a Buenos Aires |b Arte Gaglianone |c 1998 | ||
| 650 | 7 | |a PINTURA ARGENTINA |2 CL-VaPUC |9 344774 | |
| 650 | 7 | |a PINTORES ARGENTINOS |2 CL-VaPUC |9 344773 | |
| 650 | 7 | |a EXPOSICIONES ARTISTICAS |2 CL-VaPUC |9 480854 | |
| 651 | 0 | |a Argentina |9 254888 | |
| 583 | |a last modification |c 20031128 00:00:00 |k Rodrigo Vera | ||
| 999 | |c 306566 |d 306564 | ||
| 952 | |0 0 |1 0 |4 0 |6 759_060000000000000_BAB_1998 |7 0 |8 X |9 371672 |a BIBHIS |b BIBHIS |d 2019-11-21 |i 3968480 |o 759.06 BAB 1998 |p 3968480 |r 2024-01-30 |w 2019-11-21 |y BK_X |k HIS | ||